000 00701cab a2200229 4500
001 WB2738-10
008 090401t1991 xxu||||| |||| 00| 0 eng d
035 _a(Sirsi) u1475
041 _aeng
245 _aSchools are deteriorating
260 _c1991
350 _a0
490 _aCS Monthly
_bthe Building Surveyor
_v(2) October 1991, 1(1)
520 _aReviews the National Audit Office`s report "Repair and maintenance of school buildings".
650 _aBUILT ENVIRONMENT-BUILDING MAINTENANCE AND REFURBISHMENT
650 _aREPAIRS
650 _aSCHOOL BUILDINGS
650 _aSCHOOLS
690 _aBUILDING AND CONSTRUCTION-REPAIRS AND MAINTENANCE
942 _n0
948 _c04/03/1997
999 _c823
_d823